Die Kreutzersonate (Record no. 125440)
[ view plain ]
| 000 -LEADER | |
|---|---|
| fixed length control field | 00804cam a22002533u 4500 |
| 001 - CONTROL NUMBER | |
| control field | 8784222 |
| 003 - CONTROL NUMBER IDENTIFIER | |
| control field | ARRUPE |
| 005 - DATE AND TIME OF LATEST TRANSACTION | |
| control field | 20161017113059.0 |
| 006 - FIXED-LENGTH DATA ELEMENTS--ADDITIONAL MATERIAL CHARACTERISTICS--GENERAL INFORMATION | |
| fixed length control field | m d |
| 007 - PHYSICAL DESCRIPTION FIXED FIELD--GENERAL INFORMATION | |
| fixed length control field | cr n |
| 008 - FIXED-LENGTH DATA ELEMENTS--GENERAL INFORMATION | |
| fixed length control field | 110620s1924 ||||||||s|||||||| ||||| d |
| 035 ## - SYSTEM CONTROL NUMBER | |
| System control number | (WaSeSS)ssib002629547 |
| 040 ## - CATALOGING SOURCE | |
| Original cataloging agency | WaSeSS |
| Transcribing agency | WaSeSS |
| Modifying agency | WaSeSS |
| 050 ## - LIBRARY OF CONGRESS CALL NUMBER | |
| Classification number | PG3365.K7 |
| 300 ## - PHYSICAL DESCRIPTION | |
| Dimensions | 19cm. |
| 100 ## - MAIN ENTRY--PERSONAL NAME | |
| Personal name | Tolstoy, Lev |
| 9 (RLIN) | 26542 |
| 245 04 - TITLE STATEMENT | |
| Title | Die Kreutzersonate |
| Remainder of title | Lev Tolstoy |
| 260 ## - PUBLICATION, DISTRIBUTION, ETC. (IMPRINT) | |
| Place of publication, distribution, etc | Wolvesberg |
| Name of publisher, distributor, etc | Eduard Kaiser Verlag, |
| 300 ## - PHYSICAL DESCRIPTION | |
| Extent | 205p. ; |
| 506 ## - RESTRICTIONS ON ACCESS NOTE | |
| Terms governing access | License restrictions may limit access. |
| 773 #0 - HOST ITEM ENTRY | |
| Title | Digitale Sammlungen |
| 856 40 - ELECTRONIC LOCATION AND ACCESS | |
| Uniform Resource Identifier | <a href="http://www.columbia.edu/cgi-bin/cul/resolve?clio8784222">http://www.columbia.edu/cgi-bin/cul/resolve?clio8784222</a> |
| Public note | Full text available from Digitale Sammlungen |
| 910 ## - USER-OPTION DATA (OCLC) | |
| User-option data | Serials Solutions supplemental brief record |
| 942 ## - ADDED ENTRY ELEMENTS (KOHA) | |
| Source of classification or shelving scheme | Library of Congress Classification |
| Koha item type | Monograph ( Printed materials) |
| Withdrawn status | Lost status | Source of classification or shelving scheme | Damaged status | Not for loan | Collection code | Home library | Current library | Shelving location | Date acquired | Total Checkouts | Full call number | Barcode | Date last seen | Price effective from | Koha item type |
|---|---|---|---|---|---|---|---|---|---|---|---|---|---|---|---|
| Library of Congress Classification | Main Collection | ARRUPE LIBRARY | ARRUPE LIBRARY | Main Collection | 07/10/2016 | PG3365.K7 | 46500010614 | 04/04/2019 | 07/10/2016 | Monograph ( Printed materials) |